000 00632nam a2200181Ia 4500
008 100920s9999 xx 000 0 und d
082 _b72299
_a49 थ 98
100 _aराजपूत रघुवीरसिंह.
245 _aमहाबली अकबर.
260 _bमंगेश प्र्रकाशन, मुंबई.
_c1998
300 _a521
_bसाधी
365 _b320
520 _aडिपॉझिट सेक्शन.
630 _aमहाबली अकबर.
650 _aडिपॉझिट सेक्शन.
730 _aमहाबली अकबर.
942 _cBOOK
999 _c714096
_d714093